Dictionary of commercial terms (Record no. 5436)

MARC details
000 -LEADER
fixed length control field 00505cam a2200193ua 4500
001 - CONTROL NUMBER
control field 6289
005 - DATE AND TIME OF LATEST TRANSACTION
control field 20260515114027.0
008 - FIXED-LENGTH DATA ELEMENTS--GENERAL INFORMATION
fixed length control field 131128n ii |||gr||||Z||||||eng
040 ## - CATALOGING SOURCE
Transcribing agency MAIN
082 ## - DEWEY DECIMAL CLASSIFICATION NUMBER
Classification number 657
245 ## - TITLE STATEMENT
Title Dictionary of commercial terms
Statement of responsibility, etc. By S.V. Shastri
260 ## - PUBLICATION, DISTRIBUTION, ETC.
Place of publication, distribution, etc. New delhi:
Name of publisher, distributor, etc. S.chand & company ltd,
Date of publication, distribution, etc. 1985.
300 ## - PHYSICAL DESCRIPTION
Extent x,88p.
653 ## - INDEX TERM--UNCONTROLLED
Uncontrolled term Commerce
653 ## - INDEX TERM--UNCONTROLLED
Uncontrolled term Dictionary of commercial terms
700 ## - ADDED ENTRY--PERSONAL NAME
Personal name Shastri,S.V.,
Relator term Author.,
700 1# - ADDED ENTRY--PERSONAL NAME
Personal name Vaidya,P.H.,
Relator term Author.
942 ## - ADDED ENTRY ELEMENTS (KOHA)
Koha item type Books
Holdings
Withdrawn status Lost status Damaged status Not for loan Home library Current library Shelving location Date acquired Total checkouts Full call number Barcode Date last seen Copy number Price effective from Koha item type
        Naharkatiya College Library Naharkatiya College Library General stacks 09/19/2020   657 | SHA 13933 09/19/2020 1 09/19/2020 Books